Informe geológico preliminar al Proyecto Hidroeléctrico de Angostura en el Río Reventazón : colaboración del Instituto Costarricense de electricidad a la III reunión de geólogos de América Central
Wedi'i Gadw mewn:
| Prif Awdur: | |
|---|---|
| Awduron Eraill: | |
| Fformat: | Llyfr |
| Iaith: | Spanish |
| Cyhoeddwyd: |
San José, Costa Rica. : ICE, Oficina de Geología
1971
|
| Pynciau: | |
| Tagiau: |
Ychwanegu Tag
Dim Tagiau, Byddwch y cyntaf i dagio'r cofnod hwn!
|
MARC
| LEADER | 00000nam a2200000Ia 4500 | ||
|---|---|---|---|
| 003 | 003334 | ||
| 005 | 20221231143956.0 | ||
| 008 | 140114s1971 cr a 000 ||spa d | ||
| 040 | |c cru CEDI | ||
| 082 | |a 557.286 U48in | ||
| 100 | |a Umaña, Jorge E. |9 21410 | ||
| 245 | |a Informe geológico preliminar al Proyecto Hidroeléctrico de Angostura en el Río Reventazón : colaboración del Instituto Costarricense de electricidad a la III reunión de geólogos de América Central | ||
| 260 | |a San José, Costa Rica. : ICE, Oficina de Geología |c 1971 | ||
| 300 | |a 72 hojas : ilustraciones (algunas plegables,) | ||
| 650 | |x GEOLOGIA - COSTA RICA |9 681 | ||
| 700 | |9 21411 |a Massetta, Giusseppe | ||
| 942 | |2 ddc |c BK | ||
| 999 | |c 15060 |d 15060 | ||
